<?xml version="1.0" encoding="UTF-8"?><?xml-stylesheet type="text/xsl" href="static/style.xsl"?><OAI-PMH xmlns="http://www.openarchives.org/OAI/2.0/" xmlns:xsi="http://www.w3.org/2001/XMLSchema-instance" xsi:schemaLocation="http://www.openarchives.org/OAI/2.0/ http://www.openarchives.org/OAI/2.0/OAI-PMH.xsd"><responseDate>2026-04-27T21:41:13Z</responseDate><request verb="GetRecord" identifier="oai:uvadoc.uva.es:10324/15522" metadataPrefix="marc">https://uvadoc.uva.es/oai/request</request><GetRecord><record><header><identifier>oai:uvadoc.uva.es:10324/15522</identifier><datestamp>2021-06-29T12:18:49Z</datestamp><setSpec>com_10324_38</setSpec><setSpec>col_10324_852</setSpec></header><metadata><record xmlns="http://www.loc.gov/MARC21/slim" xmlns:doc="http://www.lyncode.com/xoai" xmlns:xsi="http://www.w3.org/2001/XMLSchema-instance" xmlns:dcterms="http://purl.org/dc/terms/" xsi:schemaLocation="http://www.loc.gov/MARC21/slim http://www.loc.gov/standards/marcxml/schema/MARC21slim.xsd">
<leader>00925njm 22002777a 4500</leader>
<datafield tag="042" ind1=" " ind2=" ">
<subfield code="a">dc</subfield>
</datafield>
<datafield tag="720" ind1=" " ind2=" ">
<subfield code="a">Alejos Casado, María</subfield>
<subfield code="e">author</subfield>
</datafield>
<datafield tag="260" ind1=" " ind2=" ">
<subfield code="c">2015</subfield>
</datafield>
<datafield tag="520" ind1=" " ind2=" ">
<subfield code="a">Este trabajo analiza la relación entre la solvencia y el valor de mercado de 60 compañías que cotizan en la Bolsa de Madrid. El estudio empírico abarca un periodo de 8 años (2006-2013) donde las empresas han sido seleccionadas aleatoriamente, excluyendo las empresas financieras.&#xd;
Para la realización del estudio hemos utilizado el análisis discriminante para medir el fracaso empresarial a través de la Z de Altman que consiste en un análisis de la varianza a través de un contraste paramétrico.&#xd;
Previamente al análisis empírico se ha realizado una profunda revisión de la literatura focalizada en la bolsa</subfield>
</datafield>
<datafield tag="024" ind2=" " ind1="8">
<subfield code="a">http://uvadoc.uva.es/handle/10324/15522</subfield>
</datafield>
<datafield ind1=" " ind2=" " tag="653">
<subfield code="a">Bolsa de valores - España - Madrid</subfield>
</datafield>
<datafield ind1=" " ind2=" " tag="653">
<subfield code="a">Bolsa de valores - Modelos econométricos</subfield>
</datafield>
<datafield ind1=" " ind2=" " tag="653">
<subfield code="a">Empresas - Finanzas</subfield>
</datafield>
<datafield tag="245" ind1="0" ind2="0">
<subfield code="a">Solvencia y valor de mercado: Un estudio empírico de empresas no financieras cotizadas en la bolsa de Madrid 2006-2013</subfield>
</datafield>
</record></metadata></record></GetRecord></OAI-PMH>